Library of the University of Algiers 3
Ibrahim Sultan Cheibout
شعار جامعة الجزائر 3
مكتبة جامعة الجزائر 3
إبراهيم سلطان شيبوط

الإتصالات التسويقية والترويج / (رقم التسجيلة. 43134)

تفاصيل مارك
000 -LEADER
fixed length control field 01118nam a2200229Ia 4500
003 - CONTROL NUMBER IDENTIFIER
control field Ost
005 - DATE AND TIME OF LATEST TRANSACTION
control field 20260507075125.0
008 - FIXED-LENGTH DATA ELEMENTS--GENERAL INFORMATION
fixed length control field 260507s9999||||xx |||||||||||||| ||und||
020 ## - INTERNATIONAL STANDARD BOOK NUMBER
International Standard Book Number 8009329957
040 ## - CATALOGING SOURCE
Transcribing agency fsecg
041 ## - LANGUAGE CODE
Language code of text/sound track or separate title ara
082 ## - DEWEY DECIMAL CLASSIFICATION NUMBER
Classification number 330
100 ## - MAIN ENTRY--PERSONAL NAME
Personal name البكري، ثامر
Relator term مؤلف
245 #0 - TITLE STATEMENT
Title الإتصالات التسويقية والترويج /
Statement of responsibility, etc. ثامر البكري
260 ## - PUBLICATION, DISTRIBUTION, ETC.
Place of publication, distribution, etc. عمان:
Name of publisher, distributor, etc. دار الحامد للنشر والتوزيع,
Date of publication, distribution, etc. 2006
300 ## - PHYSICAL DESCRIPTION
Extent 349 صفحة؛
Other physical details إيضاحات ؛
Dimensions 24 سم
520 ## - SUMMARY, ETC.
Summary, etc. الإتصالات-الإتصالات التسويقية المتكاملة-التخطيط والإتصالات التسويقية-الأخلاق والإتصالات التسويقية-الترويج وسلوك المستهلك-الإعلان-ترويج المبيعات-البيع الشخصي-العلاقات العامة-التسويق المباشر-قياس فاعلية الإتصالات التسويقية والترويج
653 ## - INDEX TERM--UNCONTROLLED
Uncontrolled term ادارة المبيعات
653 ## - INDEX TERM--UNCONTROLLED
Uncontrolled term الإتصالات
653 ## - INDEX TERM--UNCONTROLLED
Uncontrolled term التسويق
942 ## - ADDED ENTRY ELEMENTS (KOHA)
Koha item type كتب
المقتنيات
Withdrawn status Lost status Source of classification or shelving scheme Damaged status Not for loan Home library Current library Date acquired Serial enumeration / chronology Inventory number Total checkouts Full call number Barcode Date last seen Price effective from Koha item type
    Dewey Decimal Classification   NOT LOAN / إعارة داخلية مكتبة كلية العلوم الإقتصادية والعلوم التجارية وعلوم التسيير مكتبة كلية العلوم الإقتصادية والعلوم التجارية وعلوم التسيير 07/05/2026 الطابق الأرضي 2011/6083   أ/2061ن10 2011/6083 07/05/2026 07/05/2026 كتب
    Dewey Decimal Classification   Available مكتبة كلية العلوم الإقتصادية والعلوم التجارية وعلوم التسيير مكتبة كلية العلوم الإقتصادية والعلوم التجارية وعلوم التسيير 07/05/2026 الطابق الأرضي 2011/6084   أ/2061ن11 2011/6084 07/05/2026 07/05/2026 كتب
    Dewey Decimal Classification   Available مكتبة كلية العلوم الإقتصادية والعلوم التجارية وعلوم التسيير مكتبة كلية العلوم الإقتصادية والعلوم التجارية وعلوم التسيير 07/05/2026 الطابق الثاني 2011/6085   أ/2061ن12 2011/6085 07/05/2026 07/05/2026 كتب
    Dewey Decimal Classification   Available مكتبة كلية العلوم الإقتصادية والعلوم التجارية وعلوم التسيير مكتبة كلية العلوم الإقتصادية والعلوم التجارية وعلوم التسيير 07/05/2026 الطابق الثاني 2061/9   أ/2061ن9 2061/9 07/05/2026 07/05/2026 كتب

موارد الويب المفتوحة


© University of Algiers 3 All Rights Reserved
|
Implemented by LECHELAH Riad